NRJ Music Awards 2009 - Les gagnants - Statistiques

Statistiques générales
  • Ce quiz a été pris 4 fois
  • Le résultat moyen est 2 sur 13
Statistiques - réponses
Hint Réponse % Correct
Artiste féminine française Jenifer
100%
Artiste masculin français Christophe Mae
75%
Chanson française Belle demoiselle (Christophe Mae)
0%
Artiste féminine internationale Britney Spears
0%
Groupe/duo français Cléopâtre
0%
Chanson internationale Disturbia (Rihanna)
0%
Artiste masculin international Enrique Iglesias
0%
Révélation internationale Jonas Brothers
0%
Album international One of the Boys (Katy Perry)
0%
Album francophone Point de Suture (Mylène Farmer)
0%
Groupe/duo international The Pussycat Dolls
0%
Clip de l'année Womanizer (Britney Spears)
0%
Révélation française Zaho
0%
Aucun quiz correspondant
Distribution des résultats
% des personnes avec chaque résultat
Percentile par nombre de réponses
Votre historique - résultats
Vous n’avez pas pris ce quiz